Players With 20+ Goals in a Premier League Season - Statistics

General Stats
  • This quiz has been taken 29 times
  • The average score is 66 of 95
Answer Stats
Hint Answer % Correct
36* Erling Haaland
100%
27* Erling Haaland
100%
22* Erling Haaland
100%
32* Mohamed Salah
96%
29* Mohamed Salah
96%
23* Mohamed Salah
96%
22* Mohamed Salah
96%
22* Mohamed Salah
96%
30 Thierry Henry
96%
27 Thierry Henry
96%
25 Thierry Henry
96%
24 Thierry Henry
96%
24 Thierry Henry
96%
27 Wayne Rooney
96%
26 Wayne Rooney
96%
31 Cristiano Ronaldo
93%
30 Harry Kane
93%
30 Harry Kane
93%
29 Harry Kane
93%
25 Harry Kane
93%
23 Harry Kane
93%
21 Harry Kane
93%
22 Sadio Mane
93%
34 Alan Shearer
89%
31 Alan Shearer
89%
31 Alan Shearer
89%
25 Alan Shearer
89%
23 Alan Shearer
89%
23 Alan Shearer
89%
22 Alan Shearer
89%
30 Robin Van Persie
89%
26 Robin Van Persie
89%
26 Sergio Aguero
89%
24 Sergio Aguero
89%
23 Sergio Aguero
89%
21 Sergio Aguero
89%
21 Sergio Aguero
89%
20 Sergio Aguero
89%
29 Didier Drogba
85%
20 Didier Drogba
85%
25 Ruud van Nistelrooy
85%
23 Ruud van Nistelrooy
85%
21 Ruud van Nistelrooy
85%
20 Ruud van Nistelrooy
85%
22 Frank Lampard
81%
23 Son Heung Min
81%
34 Andy Cole
74%
31 Luis Suarez
74%
23 Luis Suarez
74%
20* Raheem Sterling
74%
21 Teddy Sheringham
74%
23 Carlos Tevez
67%
20 Carlos Tevez
67%
20 Dwight Yorke
67%
24 Fernando Torres
67%
24 Jamie Vardy
67%
23 Jamie Vardy
67%
20 Jamie Vardy
67%
20 Dimitar Berbatov
63%
28 Robbie Fowler
63%
25 Robbie Fowler
63%
23 Jimmy Floyd Hasselbaink
59%
23 Jimmy Floyd Hasselbaink
59%
22 Pierre-Emerick Aubameyang
59%
22 Pierre-Emerick Aubameyang
59%
25 Romelu Lukaku
59%
22* Cole Palmer
56%
21 Daniel Sturridge
56%
23* Alexander Isak
52%
21* Alexander Isak
52%
21 Gareth Bale
52%
23 Ian Wright
52%
23 Ian Wright
52%
20 Diego Costa
48%
20 Diego Costa
48%
30 Kevin Phillips
48%
25 Les Ferdinand
48%
24 Les Ferdinand
48%
20 Les Ferdinand
48%
24 Alexis Sanchez
41%
20 Yaya Toure
41%
25 Chris Sutton
37%
20* Chris Wood
37%
24 Darren Bent
37%
20 Mark Viduka
37%
22 Danny Ings
33%
24 Emmanuel Adebayor
33%
25 Matt Le Tissier
30%
20* Bryan Mbeumo
26%
21 Andrew Johnson
22%
20 Jurgen Klinsmann
19%
20 Ivan Toney
15%
22 Stan Collymore
15%
23 James Beattie
4%
21 Peter Beardsley
0%
No matching quizzes found
Score Distribution
Percent of People with Each Score
Percentile by Number Answered
Your Score History
You have not taken this quiz